000 01070nam a22003017a 4500
003 EG-GICUC
005 20260121101247.0
008 251119s1977 ua |||fr|||| 001 0 ara d
040 _a EG-GICUC
_bara
_c EG-GICUC
_d EG-GICUC
_erda
041 0 _aara
082 0 4 _221
_a345
_bم ح . ق
092 0 4 _221
099 _aLaw1 07 345 م ح . ق 1977
100 1 _aمحمد عبد السميع علي
_eمؤلف.
245 1 0 _aقضايا ومشاكل في المشروع العام /
_cمحمد عبد السميع علي.
264 _aمصر :
_bالمنظمة العربية للعلوم الإدارية،
_c1977
300 _a56 صفحة ؛
_c24 سم.
336 _2rda content
_atext
337 _2rda media
_aComputer
338 _2rda carrier
_aOnline Resource
504 _a. 240-220 ببليوجرافيا: صفحات.
546 _aالنص باللغة العربية
650 1 4 _aالقانون الإداري
_2qrmak
651 1 _2qrmak
856 4 0 _uhttps://fll.law.cu.edu.eg/fulltext/bks/لB07-00047.pdf
905 _a78
942 _2ddc
_cBK
_e21
_n0
999 _c44771
_d44771